[Event "12th HZ Open"]
[Site "Vlissingen NED"]
[Date "2008.08.04"]
[Round "4"]
[White "Oberbichler,R"]
[Black "Wolferink,F"]
[Result "1-0"]
[WhiteElo "1938"]
[BlackElo "2136"]

1.e4 g6 2.d4 Bg7 3.Nc3 d6 4.Be3 a6 5.Qd2 Nd7 6.Nf3 e6 7.Bd3 b5 8.O-O Bb7
9.Rfe1 h6 10.a4 b4 11.Ne2 a5 12.Ng3 Ne7 13.c3 bxc3 14.bxc3 Ba6 15.Rab1 Bxd3
16.Qxd3 O-O 17.Qd2 Kh7 18.h4 Nb6 19.Qc2 Nc4 20.Bc1 Rb8 21.Nd2 Rxb1 22.Qxb1 Nxd2
23.Bxd2 Qd7 24.Qc2 Rb8 25.h5 Qc6 26.hxg6+ fxg6 27.Ne2 Qc4 28.Be3 Rb3 29.Ra1 c5
30.Qd2 Nc6 31.g3 cxd4 32.cxd4 Rd3 33.Qb2 Nxd4 34.Bxd4 Bxd4 35.Qb7+ Bg7 36.Rc1 Qb4
37.Qxb4 axb4 38.Nf4 Ra3 39.Rc7 b3 40.Nxe6 b2 41.Rxg7+ Kh8 42.Rd7 b1=Q+ 43.Kh2 Qxe4  1-0

[Event "IX Miquel Mas de Figueres Open"]
[Site "Castell de Sant Ferran ESP"]
[Date "2008.08.05"]
[Round "5"]
[White "Lillo Castay,V"]
[Black "Alonso Jimenez,Jo"]
[Result "1-0"]
[WhiteElo "2150"]
[BlackElo "2075"]

1.e4 g6 2.d4 d6 3.Nc3 Bg7 4.f4 Nf6 5.Nf3 O-O 6.Bd3 Bg4 7.h3 Bxf3 8.Qxf3 Nc6
9.Be3 e5 10.dxe5 dxe5 11.O-O-O Nd4 12.Qf2 c5 13.f5 Qc7 14.g4 c4 15.Bf1 Rfd8
16.g5 Nh5 17.f6 Bf8 18.Nd5 Rxd5 19.exd5 c3 20.Bxd4 exd4 21.Qxd4 cxb2+ 22.Kb1 Ng3
23.Bd3 Nxh1 24.Rxh1 Qg3 25.Rg1 Qh2 26.Re1 Ba3 27.Qe3 Bb4 28.Rd1 a5 29.Qe4 Qg3
30.h4 Qd6 31.h5 Qg3 32.hxg6 hxg6 33.d6 Qxg5 34.d7 Rf8 35.Qe8 Qxf6 36.Bxg6 fxg6
37.d8=Q  1-0

[Event "12th HZ Open"]
[Site "Vlissingen NED"]
[Date "2008.08.05"]
[Round "5"]
[White "Rogmans,J"]
[Black "Rosmuller,A"]
[Result "0-1"]
[WhiteElo "1958"]
[BlackElo "2103"]

1.Nc3 d6 2.d4 g6 3.e4 Bg7 4.Nf3 a6 5.Be3 b5 6.Qd2 c6 7.Bd3 Nd7 8.Ne2 e5 9.dxe5 dxe5
10.h4 h5 11.Ng5 Qe7 12.c3 f6 13.Nh3 Nh6 14.f3 Nc5 15.Bc2 Nf7 16.b4 Nb7 17.Bb3 Be6
18.Qc2 Nfd6 19.f4 Bh6 20.Bxe6 Qxe6 21.fxe5 Bxe3 22.exd6 Nxd6 23.Qd3 Nc4 24.Nhf4 Qg4
25.Rd1 O-O 26.g3 Bxf4 27.gxf4 Nb2 28.Qd7 Nxd1 29.Rg1  0-1

[Event "17th Open"]
[Site "Kavala GRE"]
[Date "2008.08.06"]
[Round "8"]
[White "Frolyanov,D"]
[Black "Graf,A"]
[Result "0-1"]
[WhiteElo "2567"]
[BlackElo "2621"]

1.e4 g6 2.d4 Bg7 3.Nc3 d6 4.Bg5 Nd7 5.Nf3 a6 6.Bd3 c5 7.dxc5 Nxc5 8.O-O Nf6
9.Re1 b5 10.Nd5 Nxd5 11.exd5 Ra7 12.c3 O-O 13.Bf1 Rc7 14.Qd2 Bb7 15.Bh6 e5
16.dxe6 Bxh6 17.Qxh6 Bxf3 18.exf7+ Rcxf7 19.gxf3 Rxf3 20.Bg2 Rxf2 21.Re3 Qf6
22.Rae1 Nd3 23.Rxd3 Rxg2+ 24.Kxg2 Qf2+ 25.Kh3 Rf3+ 26.Rxf3 Qxf3+ 27.Kh4 Qf2+
28.Kh3 Qf3+ 29.Kh4 Qf2+ 30.Kh3 Qxe1 31.Qf4 Qe6+ 32.Kg2 Qxa2 33.Qf6 Qxb2+
34.Kg3 Qe2 35.Qd8+ Kf7 36.Qxd6 Qe3+ 37.Kg2 Qxc3 38.Qxa6 Qd2+ 39.Kg3 Qe3+
40.Kg2 Qe4+ 41.Kg3 b4 42.Qa7+ Kg8 43.Qb8+ Kg7 44.Qc7+ Kh6 45.Qd6 Qe3+ 46.Kg4 Qg5+
47.Kh3 Qf5+ 48.Kg3 Qg5+ 49.Kh3 Qe3+ 50.Kg4 Qe2+ 51.Kg3 Qe1+ 52.Kh3 Qf2 53.Kg4 b3
54.Qa3 Qg2+ 55.Kf4 b2 56.Qf8+ Kh5  0-1

[Event "IMB Proclient Cup"]
[Site "Olomouc CZE"]
[Date "2008.08.06"]
[Round "10"]
[White "Blomqvist,E"]
[Black "Tibensky,R"]
[Result "1-0"]
[WhiteElo "2322"]
[BlackElo "2416"]

1.e4 g6 2.d4 Bg7 3.Nc3 d6 4.Be3 a6 5.Qd2 b5 6.h4 h5 7.Nh3 Bxh3 8.Rxh3 Nd7
9.a4 c6 10.d5 b4 11.dxc6 bxc3 12.cxd7+ Qxd7 13.bxc3 Qc6 14.Bd4 Nf6 15.f3 O-O
16.Bd3 Rfd8 17.a5 Rdc8 18.Rh1 e5 19.Be3 Kh7 20.c4 Nd7 21.g4 Rh8 22.gxh5 Nf6
23.hxg6+ fxg6 24.h5 Nxh5 25.c5 dxc5 26.Bc4 Qf6 27.Rh3 Rhd8 28.Bd5 Qf8 29.Bg5 Rd6
30.Rd1 Bf6 31.Be3 Rdd8 32.Qh2 Kg7 33.Rxh5 gxh5 34.Qxh5  1-0

[Event "12th HZ Open"]
[Site "Vlissingen NED"]
[Date "2008.08.06"]
[Round "6"]
[White "Van Assendelft,F"]
[Black "Wolferink,F"]
[Result "1-0"]
[WhiteElo "2227"]
[BlackElo "2136"]

1.e4 g6 2.d4 Bg7 3.Nc3 d6 4.Be3 a6 5.Qd2 Nd7 6.h4 h5 7.Nh3 b5 8.Ng5 c6 9.O-O-O Qa5
10.Kb1 Ngf6 11.f3 Bb7 12.g3 O-O 13.g4 Rfd8 14.Qg2 c5 15.gxh5 Nxh5 16.Rg1 b4
17.Nxf7 bxc3 18.Qxg6  1-0

[Event "Najdorf Memorial Open"]
[Site "Warsaw POL"]
[Date "2008.08.07"]
[Round "6"]
[White "Winski,L"]
[Black "Walentukiewicz,M"]
[Result "1/2-1/2"]
[WhiteElo "2045"]
[BlackElo "2200"]

1.e4 g6 2.d4 Bg7 3.Nc3 d6 4.f4 c6 5.a4 Nf6 6.Nf3 O-O 7.Bd3 Bg4 8.h3 Bxf3
9.Qxf3 Na6 10.e5 dxe5 11.dxe5 Nd5 12.Nxd5  1/2-1/2

[Event "Najdorf Memorial Open"]
[Site "Warsaw POL"]
[Date "2008.08.07"]
[Round "6"]
[White "Chrzaszcz,M"]
[Black "Leszner,L"]
[Result "0-1"]
[WhiteElo "1986"]
[BlackElo "2140"]

1.e4 g6 2.d4 Bg7 3.Nc3 d6 4.f4 Nf6 5.Nf3 c5 6.dxc5 Qa5 7.Bb5+ Bd7 8.Bd3 Qxc5
9.Qe2 O-O 10.Be3 Qa5 11.O-O-O Nc6 12.Kb1 Rac8 13.Qe1 Nb4 14.a3 Nxd3 15.Rxd3 Rfd8
16.h3 Be6 17.g4 b5 18.Ng5 b4 19.Nxe6 fxe6 20.Na2 Qa4 21.b3 Qxa3 22.Bc1 Qa5
23.g5 Nd7 24.Qxb4 Qc7 25.Rh2 a5 26.Qe1 Nc5 27.Rf3 Qc6 28.Re3 Rb8 29.Bb2 Bxb2
30.Kxb2 Rf8 31.Rf2 d5 32.exd5 exd5 33.Rxe7 Rxb3+ 34.Ka1 Rxh3 35.Rf1 Ne4 36.Qb1 Qc4
37.Rd1 Ra3 38.Rd3 Nc3 39.Rxc3 Qxc3+ 40.Qb2 Qxb2+ 41.Kxb2 Rg3 42.Rd7 Rxf4
43.Rxd5 Rf5 44.Rd8+ Kg7 45.Rd7+ Rf7 46.Rd5 Rb7+  0-1

[Event "Petrovskaya Ladya Open"]
[Site "Peterhof RUS"]
[Date "2008.08.08"]
[Round "7"]
[White "Bivol,A"]
[Black "Kuryshev,I"]
[Result "1-0"]
[WhiteElo "1831"]
[BlackElo "2100"]

1.e4 g6 2.d4 Bg7 3.Nc3 d6 4.Bg5 Nf6 5.e5 Nfd7 6.exd6 cxd6 7.Nf3 O-O 8.Bc4 Nc6
9.O-O Nb6 10.Bb3 Bg4 11.Be3 Qd7 12.Nb5 a6 13.d5 axb5 14.Bxb6 Ne5 15.Nxe5 Bxe5
16.f3 Bf5 17.g4 Bxb2 18.Rb1 Be5 19.gxf5 Qxf5 20.Bd4 Rac8 21.Bxe5 Qxe5 22.Qd3 Rc3
23.Qxb5 Re3 24.Bc4 Rc8 25.Bd3 Rc5 26.Qxb7 Qf4 27.Qb8+ Kg7 28.Qb4 Qg5+ 29.Kh1 h5
30.Qd4+ f6 31.Rg1 Rxd5 32.Rxg5 Rxd4 33.Rxg6+ Kf7 34.Rbg1 Rxf3 35.Rg7+ Ke8
36.Rg8+ Kf7 37.Rc8 Rf2 38.Bc4+ d5 39.Bd3 Rh4 40.Rg2 Rff4 41.Kg1 Ra4 42.c3 e5
43.Bf5 Ra7 44.Rcg8 Rg4 45.Bxg4 Kxg8 46.Be6+ Kh7 47.Bxd5 Ra3 48.Bb3 Ra5 49.c4 e4
50.Rc2 Rc5 51.Kf2 f5 52.Ke3 Kg6 53.Kd4 Rc8 54.c5 Rd8+ 55.Ke5 Re8+ 56.Be6 e3
57.Rg2+ Kh6 58.Kxf5  1-0

[Event "Najdorf Memorial Open"]
[Site "Warsaw POL"]
[Date "2008.08.08"]
[Round "7"]
[White "Protaziuk,G"]
[Black "AlHuwar,J"]
[Result "1-0"]
[WhiteElo "2328"]
[BlackElo "2260"]

1.e4 g6 2.d4 Bg7 3.Nc3 d6 4.f4 Nf6 5.Nf3 O-O 6.Bd3 Na6 7.O-O c5 8.d5 Bg4
9.Qe1 Nb4 10.Qg3 Nxd3 11.cxd3 Bxf3 12.Qxf3 e6 13.f5 Nd7 14.Bf4 Qb6 15.dxe6 fxe6
16.fxe6 Ne5 17.Qh3 Rxf4 18.Rxf4 Qxb2 19.Raf1 g5 20.e7 h6 21.Qe6+ Kh7 22.Rf8 Bxf8
23.exf8=Q Rxf8 24.Rxf8 Qc1+ 25.Rf1 Qxc3 26.Qe7+ Kg6 27.Rf6+ Kh5 28.Qe8+ Kh4
29.g3+  1-0

[Event "ch-Euro Seniors"]
[Site "Davos SUI"]
[Date "2008.08.09"]
[Round "1"]
[White "Waisberg,A"]
[Black "Ivkov,B"]
[Result "0-1"]
[WhiteElo "2086"]
[BlackElo "2411"]

1.e4 g6 2.d4 Bg7 3.Nc3 d6 4.Be3 a6 5.Bd3 Nf6 6.h3 Nbd7 7.Nge2 c5 8.a4 cxd4
9.Bxd4 b6 10.O-O Bb7 11.f3 O-O 12.Bc4 Rc8 13.Ba2 e6 14.Qd2 Qc7 15.Rad1 Rfd8
16.Qg5 Bc6 17.Ng3 h6 18.Qc1 b5 19.axb5 axb5 20.Be3 b4 21.Nce2 Bb5 22.Bb3 Kh7
23.Qd2 Nc5 24.Qxb4 Rb8 25.Qd2 d5 26.e5 Nfd7 27.f4 Bf8 28.Rde1 Bxe2 29.Nxe2 Ne4
30.Qc1 Ndc5 31.Nd4 Rdc8 32.Kh2 Nxb3 33.Nxb3 Qxc2 34.Nd4 Qxb2 35.Qxb2 Rxb2
36.Rc1 Bc5 37.Rb1 Rcb8 38.Rxb2 Rxb2 39.Rc1 Bxd4 40.Bxd4 Rd2 41.Bb6 g5 42.fxg5 hxg5
43.Rc8 Rb2 44.Bd4 Rb4 45.Ba7 Kg6 46.g4 Ra4 47.Bb6 Ra6 48.Be3 Ra2+ 49.Kg1 Ra3  0-1

[Event "Open"]
[Site "Stare Mesto CZE"]
[Date "2008.08.09"]
[Round "2"]
[White "Koutny,Pe"]
[Black "Jurcik,Mari"]
[Result "0-1"]
[WhiteElo "2057"]
[BlackElo "2378"]

1.e4 g6 2.d4 Bg7 3.Nc3 d6 4.Be3 a6 5.Qd2 b5 6.a3 Bb7 7.f3 Nd7 8.h4 h5 9.O-O-O Ngf6
10.Nh3 O-O 11.Bh6 c5 12.Bxg7 Kxg7 13.dxc5 Nxc5 14.Nf4 Rc8 15.Kb1 Na4 16.Nxa4 bxa4
17.Qb4 Qc7 18.c4 Rb8 19.Qd2 e5 20.Nd5 Bxd5 21.cxd5 Rb6 22.Rc1 Qb7 23.Bc4 Nd7
24.g4 Rh8 25.Rh2 Nf6 26.g5 Nd7 27.f4 exf4 28.Qxf4 Rb8 29.Rcc2 Ne5 30.Qf1 Kg8
31.Qc1 Qd7 32.Be2 Rb3 33.Ka1 Qa7 34.Bc4 Rf3 35.Qd1 Rf4 36.Qe2 Qd4 37.Ba2 Rxe4
38.Qd2 Qxd2 39.Rcxd2 Rc8 40.Bb1 Rc1 41.Rde2 Rd4 42.Rd2 Rd1 43.Rxd1 Rxd1 44.Re2 Nf3
45.Ka2 Nxh4 46.Be4 Rg1 47.Rc2 Rxg5 48.Rc6 Re5 49.Bh1 Re1  0-1

[Event "Open"]
[Site "Stare Mesto CZE"]
[Date "2008.08.09"]
[Round "2"]
[White "Vokac,M"]
[Black "Horsak,J"]
[Result "1-0"]
[WhiteElo "2451"]
[BlackElo "2064"]

1.e4 g6 2.d4 Bg7 3.Nc3 d6 4.Be3 c6 5.Qd2 Nf6 6.f3 Qa5 7.Bd3 Nbd7 8.Nge2 b5
9.O-O Bb7 10.a4 b4 11.Nd1 a6 12.c3 bxc3 13.bxc3 c5 14.d5 Ne5 15.Nb2 Nxd3
16.Qxd3 Qc7 17.a5 O-O 18.Nc4 Rad8 19.Rab1 Rfe8 20.Rfd1 Bc8 21.Nb6 Nd7 22.Bf4 Nxb6
23.Rxb6 Qd7 24.Qc4 h5 25.Bg5 Bf6 26.Bd2 Kh7 27.Nf4 Bg5 28.Nh3 Bxd2 29.Rxd2 Kg7
30.Nf4 Rh8 31.h4 Qc7 32.Qd3 Qd7 33.c4 Qa4 34.Qc3+ f6 35.Kf2 Kf7 36.Rdb2 Rdg8
37.Rb1 Qd7 38.Qc2 Qa7 39.Ne6 Bxe6 40.dxe6+ Kxe6 41.Rb7 Qa8 42.Qd2  1-0

[Event "ch-Euro Seniors"]
[Site "Davos SUI"]
[Date "2008.08.10"]
[Round "2"]
[White "Nielsen,JorgenG"]
[Black "Rukavina,J"]
[Result "0-1"]
[WhiteElo "2184"]
[BlackElo "2414"]

1.d4 d6 2.e4 g6 3.Nc3 Bg7 4.Be3 c6 5.Qd2 Nd7 6.Nf3 Ngf6 7.Bh6 Bxh6 8.Qxh6 e5
9.Qd2 Qe7 10.dxe5 dxe5 11.Bc4 b5 12.Bd3 Nc5 13.Qg5 Nfd7 14.Qxe7+ Kxe7 15.a3 a5
16.Be2 Bb7 17.Nd2 Nb6 18.O-O Rhd8 19.Rfd1 b4 20.Na2 Rd4 21.c3 Rxd2 22.Rxd2 Nb3
23.Rad1 Nxd2 24.Rxd2 bxa3 25.bxa3 Bc8 26.Rb2 Na4 27.Rc2 Be6 28.Nc1 Rb8 29.f3 Rb1
30.Kf2 Ra1 31.Ke3 Rxa3 32.Kd2 Kd6 33.c4 Nc5 34.Rb2 Ra4 35.Kc3 Ra3+ 36.Kc2 f5
37.Bd3 Nxd3 38.Nxd3 Bxc4 39.Ne1 Bb5 40.Kd2 a4 41.Nc2 Rd3+  0-1

[Event "BDO Challenger"]
[Site "Haarlem NED"]
[Date "2008.08.11"]
[Round "3"]
[White "Rombaldoni,An"]
[Black "De Groot,M"]
[Result "1-0"]
[WhiteElo "2219"]
[BlackElo "2157"]

1.e4 g6 2.d4 Bg7 3.Nc3 d6 4.Nge2 Nf6 5.g3 O-O 6.Bg2 e5 7.h3 c6 8.a4 Nbd7
9.O-O Qc7 10.Be3 exd4 11.Bxd4 b6 12.g4 Bb7 13.Ng3 Nc5 14.f4 Rad8 15.g5 Ne8
16.Nce2 d5 17.e5 Ne6 18.Be3 c5 19.Bc1 Ba6 20.Rf2 d4 21.Ra3 c4 22.Ne4 d3 23.cxd3 cxd3
24.N2g3 Nd4 25.Bd2 Ne2+ 26.Kh2 Bxe5 27.fxe5 Qxe5 28.Bc3 Nxc3 29.Rxc3 Ng7
30.Qe1 Kh8 31.Rd2 Nf5 32.Qf2 Rd4 33.Kh1 Bb7 34.Nxf5 Bxe4 35.Qxd4  1-0

[Event "Open"]
[Site "Ptuj SLO"]
[Date "2008.08.11"]
[Round "4"]
[White "Biti,O"]
[Black "Sebenik,M"]
[Result "1/2-1/2"]
[WhiteElo "2384"]
[BlackElo "2485"]

1.e4 d6 2.d4 g6 3.Nc3 Bg7 4.Be3 a6 5.Qd2 Nd7 6.Nf3 Ngf6 7.Bh6 Bxh6 8.Qxh6 c5
9.O-O-O cxd4 10.Rxd4 Qa5 11.Bc4 Ne5 12.Nxe5 Qxe5 13.Rhd1 Be6 14.f4  1/2-1/2

[Event "Open"]
[Site "Stare Mesto CZE"]
[Date "2008.08.11"]
[Round "5"]
[White "David,Ed"]
[Black "Vokac,M"]
[Result "1/2-1/2"]
[WhiteElo "2214"]
[BlackElo "2451"]

1.d4 d6 2.e4 g6 3.Nc3 Bg7 4.Bg5 c6 5.Qd2 b5 6.Nf3 Nd7 7.Bd3 a6 8.a4 b4 9.Ne2 a5
10.O-O Ba6 11.Rad1 Bxd3 12.Qxd3 Qc8 13.Rfe1 Qa6 14.Qd2 Nb6 15.b3 h6 16.Bh4 g5
17.Bg3 Nf6 18.Qe3 d5 19.e5 Ne4 20.Nd2 Nxd2 21.Qxd2 e6 22.f4 Nd7 23.fxg5 hxg5
24.Qxg5 Bh6 25.Qg4 O-O-O 26.Bf4 Rdg8 27.Qf3 Bf8 28.Rc1 Kb7 29.c4 bxc3 30.Nxc3 Bb4
31.Rc2 Rg7 32.Rec1 Ba3 33.Ra1 Bb4 34.Na2 Qb6 35.Be3 Be7 36.Rb1 f5 37.b4 axb4
38.Nxb4 Bxb4 39.Rcb2 Kc7 40.Rxb4 Qa7 41.Bf2 Rhg8 42.g3 Rb8 43.Qa3 Nb6 44.Qc1 Nd7
45.Rxb8 Nxb8 46.Qh6 Re7 47.Qf8 Rd7 48.Qe8 f4 49.Qxe6 fxg3 50.hxg3 c5 51.dxc5 d4
52.Qc4 Qa8 53.Qg8 Rd8 54.Qf7+ Rd7 55.Qf5 Qd5 56.Qf8 Rd8 57.Qf6 Nc6 58.e6 Re8
59.g4 Qxe6 60.Bg3+ Kc8 61.Qxe6+ Rxe6 62.Kf2 d3 63.Re1 d2 64.Rd1 Re4 65.Kf3 Rd4
66.Bf4 Rd5 67.Rxd2 Ne5+ 68.Ke4 Rxd2 69.Bxd2 Nxg4 70.Kd5 Nf6+ 71.Kc6 Ne4 72.Be3 Nxc5
73.Bxc5 Kb8  1/2-1/2

[Event "BDO Premier"]
[Site "Haarlem NED"]
[Date "2008.08.12"]
[Round "4"]
[White "Willemze,J"]
[Black "Siebrecht,S"]
[Result "0-1"]
[WhiteElo "2420"]
[BlackElo "2453"]

1.e4 g6 2.d4 Bg7 3.Nc3 d6 4.Be3 a6 5.a4 b6 6.Bc4 e6 7.Qd2 h6 8.Ba2 Bb7 9.Nge2 Nf6
10.f3 d5 11.exd5 exd5 12.a5 b5 13.O-O Nc6 14.Bb3 Ne7 15.Rae1 Nf5 16.Bf4 Nd6
17.Nc1+ Kf8 18.Nd3 Kg8 19.Nc5 Bc6 20.Na2 Nc4 21.Bxc4 bxc4 22.Nb4 Bb5 23.c3 Kh7
24.Be5 Rf8 25.Re2 c6 26.Qf4 Nh5 27.Qg4 f5 28.Qh3 Re8 29.Nb7 Qd7 30.Nc5 Qa7
31.Rfe1 Qf7 32.Bxg7 Kxg7 33.Ne6+ Kg8 34.g4 Rxe6 35.gxh5 Rxe2 36.Rxe2 g5 37.Re5 Rf8
38.Nc2 f4 39.Qe6 Kg7 40.Qd6 Qxh5 41.Re7+ Rf7 42.Qe5+ Kh7 43.Qf5+ Kg7 44.Qe5+ Kh7
45.Re8 Rg7 46.Qb8 g4 47.Rh8+ Kg6 48.Qd6+ Kg5 49.Qe5+ Kg6 50.Qd6+ Kg5 51.Qe5+ Kg6
52.Qxf4 gxf3 53.Ne3 Qg5+ 54.Qxg5+ Kxg5 55.Kf2 Kf4 56.Rxh6 Ke4 57.Rh4+ Kd3
58.Kxf3 Re7 59.Nf5 Re2 60.Kf4 Rxb2 61.Rh3+ Kc2 62.Rf3 Rb3 63.h4 Rxc3 64.h5 Rxf3+
65.Kxf3 Kb2 66.h6 c3 67.h7 c2 68.h8=Q c1=Q 69.Ne3 Qd2 70.Qe5 Qxa5 71.Qh2+ Ka3
72.Qc2 Qb4 73.Qd1 Qb2 74.Qe1 Ba4 75.Qa5 Qb5 76.Qd2 a5 77.Qc1+ Qb2 78.Qc5+ Qb4
79.Qc1+ Ka2 80.Qg1 Qxd4 81.Qe1 Qb4 82.Qe2+ Qb2 83.Qe1 Qf6+ 84.Ke2 Bb5+ 85.Kd2 Qb2+
86.Nc2 Ba4  0-1

[Event "Open"]
[Site "Stare Mesto CZE"]
[Date "2008.08.12"]
[Round "6"]
[White "Rojicek,V"]
[Black "Jurcik,Mari"]
[Result "1/2-1/2"]
[WhiteElo "2346"]
[BlackElo "2378"]

1.d4 g6 2.e4 Bg7 3.Nc3 d6 4.Be3 a6 5.f4 b5 6.Bd3 Bb7 7.Nf3 Nf6 8.e5 Ng4 9.Bd2 O-O
10.h3 Nh6 11.Be3 Nd7 12.Ne4 c5 13.c3 cxd4 14.cxd4 Nb6 15.O-O Nd5 16.Bd2 Qb6
17.g4 f5 18.exf6 exf6 19.Ng3 f5 20.gxf5 Nxf5 21.Nxf5 gxf5 22.Kh2 Kh8 23.Qe1 Rae8
24.Qf2 Ne7 25.Rae1 Bd5 26.Re2 Nc6 27.Rxe8 Rxe8 28.Bxf5 Bxf3 29.Qxf3 Nxd4
30.Qh5 Re2+ 31.Kg3 Nxf5+ 32.Qxf5 Qc5 33.Qd3 Re8 34.Rc1 Qh5  1/2-1/2

[Event "Acropolis Open"]
[Site "Athens GRE"]
[Date "2008.08.13"]
[Round "5"]
[White "Fernandez,Dani"]
[Black "Margaritis,F"]
[Result "1-0"]
[WhiteElo "2401"]
[BlackElo "2220"]

1.e4 g6 2.d4 Bg7 3.Nc3 d6 4.Be3 Nd7 5.Qd2 a6 6.f3 b5 7.Nge2 Bb7 8.a3 h6 9.h4 e6
10.O-O-O Ne7 11.d5 exd5 12.exd5 Nb6 13.Nf4 Nf5 14.Bf2 Qf6 15.Bd3 O-O 16.g4 Ne7
17.g5 hxg5 18.hxg5 Qxg5 19.Bh4 Qe5 20.Rde1 Rfe8 21.Rxe5 dxe5 22.Nh5 gxh5
23.Rg1 Ng6 24.Bxg6 fxg6 25.Rxg6 Kf7 26.Qg5 Rg8 27.Qf5+  1-0

[Event "BDO Challenger"]
[Site "Haarlem NED"]
[Date "2008.08.13"]
[Round "5"]
[White "Klein,Da"]
[Black "De Groot,M"]
[Result "1-0"]
[WhiteElo "2135"]
[BlackElo "2157"]

1.e4 g6 2.d4 Bg7 3.Nc3 d6 4.Be3 a6 5.a4 Nd7 6.Nf3 b6 7.Bc4 Bb7 8.Ng5 e6 9.Bxe6 fxe6
10.Nxe6 Qe7 11.Nxc7+ Kd8 12.Nxa8 Bxa8 13.Qe2 Bb7 14.O-O Ngf6 15.f3 h6 16.a5 b5
17.Nb1 Re8 18.Nd2 Nd5 19.c3 g5 20.Rfe1 Nxe3 21.Qxe3 d5 22.e5 Nf8 23.b3 Ne6
24.Nf1 h5 25.Qd2 Rf8 26.Rad1 Rf4 27.Qb2 Bf8 28.Ng3 Qf7 29.Ne2 Rf5 30.c4 b4
31.c5 Bc6 32.Qd2 Qb7 33.Qd3 Rf7 34.Qg6 Qe7 35.Ng3 Be8 36.Nf5 Qd7 37.Nd6 Bxd6
38.exd6 Nf4 39.Qxg5+ Kc8 40.c6  1-0

[Event "Independence Cup A"]
[Site "Kyiv UKR"]
[Date "2008.08.13"]
[Round "11"]
[White "Danilenko,D"]
[Black "Borzov,D"]
[Result "1-0"]
[WhiteElo "2209"]
[BlackElo "2215"]

1.e4 g6 2.d4 Bg7 3.Nc3 d6 4.f4 Nf6 5.Nf3 c5 6.Bb5+ Bd7 7.e5 Ng4 8.e6 Bxb5
9.exf7+ Kd7 10.Ng5 h5 11.Qf3 Bc6 12.d5 Bxc3+ 13.bxc3 Qf8 14.Qe4 Qg7 15.Bb2 Qf6
16.h3 Nh6 17.Qe6+ Kc7 18.Qxf6 exf6 19.Ne6+ Kb6 20.f8=Q Rxf8 21.Nxf8 Bxd5
22.O-O-O Bxg2 23.Rh2 Be4 24.c4 Nc6 25.Nd7+ Kc7 26.Nxf6 Bf5 27.Nd5+ Kd7 28.Bc3 Nf7
29.h4 Bg4 30.Re1 Bf5 31.Rhe2 Nfd8 32.Re8 Rc8 33.Rh8 Be6 34.Bf6 b6 35.Bxd8 Nxd8
36.Rh7+ Nf7 37.Rxf7+  1-0

[Event "Open A"]
[Site "Vladimir RUS"]
[Date "2008.08.13"]
[Round "2"]
[White "Chulivska,V"]
[Black "Balashov,Y"]
[Result "1-0"]
[WhiteElo "2238"]
[BlackElo "2407"]

1.e4 d6 2.d4 g6 3.Nc3 Bg7 4.Bg5 c6 5.Qd2 b5 6.f4 b4 7.Nd1 Qb6 8.c3 Nf6 9.Bd3 O-O
10.Ne3 bxc3 11.bxc3 Ba6 12.Nf3 Bxd3 13.Qxd3 d5 14.e5 Ne4 15.Bxe7 Qb2 16.O-O Re8
17.Bb4 a5 18.Rab1 Qxa2 19.Ra1 Qb2 20.Rxa5 Rxa5 21.Bxa5 Qa2 22.Bb4 Na6 23.Ng5 Nxg5
24.fxg5 Rb8 25.Bd6 Rb2 26.Ng4 Rxg2+ 27.Kh1 Rxg4 28.Qf3 h5 29.gxh6 f5 30.exf6  1-0

[Event "ch-Euro Seniors"]
[Site "Davos SUI"]
[Date "2008.08.15"]
[Round "7"]
[White "Akvist,H"]
[Black "Haldi,P"]
[Result "1-0"]
[WhiteElo "2135"]
[BlackElo "2006"]

1.e4 d6 2.d4 g6 3.Nc3 Bg7 4.Nf3 Nd7 5.Be2 a6 6.O-O e6 7.Re1 Ne7 8.Be3 b6
9.Qd2 h6 10.Rad1 Bb7 11.a3 Nf6 12.Bd3 Ng4 13.Bf4 e5 14.dxe5 Nxe5 15.Nxe5 dxe5
16.Be3 g5 17.Qe2 Qc8 18.Bc4 O-O 19.Rd2 Bc6 20.Red1 Qb7 21.Qg4 Kh8 22.Bxg5 hxg5
23.Qxg5 Bxe4 24.Qxe7 Rae8 25.Qh4+ Bh7 26.Bd5 c6 27.Be4 f5 28.Rd7 Qc8 29.Qg5 Bf6
30.Rxh7+ Kxh7 31.Bxf5+ Qxf5 32.Qxf5+  1-0

[Event "Acropolis Open"]
[Site "Athens GRE"]
[Date "2008.08.16"]
[Round "8"]
[White "Exizoglou,D"]
[Black "Saravanan,V1"]
[Result "0-1"]
[WhiteElo "2251"]
[BlackElo "2405"]

1.e4 g6 2.d4 Bg7 3.Nc3 d6 4.Nf3 a6 5.Bc4 e6 6.O-O b5 7.Bd3 Ne7 8.Bg5 c5 9.e5 d5
10.dxc5 h6 11.Bh4 g5 12.Bg3 Nd7 13.a4 b4 14.Na2 Nc6 15.c3 bxc3 16.Nxc3 g4
17.Ne1 Ndxe5 18.Bxe5 Nxe5 19.f4 gxf3 20.Nxf3 Qc7 21.Nxe5 Qxe5 22.Kh1 Rb8
23.Qd2 O-O 24.Rf3 f5 25.Rc1 Rb4 26.Rh3 Bb7 27.c6 Bxc6 28.Nd1 Re4 29.Bxe4 fxe4
30.Qe2 Bxa4 31.Qxa6 d4 32.Ne3 Bb5 33.Qb6 dxe3 34.Rxe3 Bd3 35.Rg3 Kh8 36.Re1 Qf4
37.Rg6 Qf1+ 38.Rxf1 Rxf1+ 39.Qg1 Rxg1+ 40.Kxg1 Bd4+ 41.Kh1 e5  0-1

[Event "BDO Premier"]
[Site "Haarlem NED"]
[Date "2008.08.16"]
[Round "8"]
[White "Spraggett,K"]
[Black "Siebrecht,S"]
[Result "1-0"]
[WhiteElo "2601"]
[BlackElo "2453"]

1.e4 g6 2.d4 Bg7 3.Nc3 d6 4.f4 a6 5.Nf3 b5 6.Bd3 Bb7 7.a4 b4 8.Ne2 Nd7 9.c3 a5
10.O-O e6 11.f5 exf5 12.exf5 Ngf6 13.Bg5 O-O 14.fxg6 hxg6 15.Qe1 c5 16.Qh4 Ba6
17.Bxa6 Rxa6 18.Nf4 Qa8 19.Bxf6 Nxf6 20.Ng5 Ra7 21.Rf3 Re8 22.Raf1 Rae7 23.dxc5 dxc5
24.c4 Re4 25.Nxe4 Rxe4 26.Qg5 Qe8 27.Nd5 Nh7 28.Qc1 f5 29.b3 Qe5 30.Kh1 Rh4
31.h3 Re4 32.Nf4 Kf7 33.Nd5 Kg8 34.Rd3 g5 35.Re3 Bf8 36.Rxe4 fxe4 37.Qe3 Bd6
38.g3 g4 39.h4  1-0

[Event "IM"]
[Site "Panevezys LTU"]
[Date "2008.08.16"]
[Round "7"]
[White "Tsiganova,M"]
[Black "Zozulia,A"]
[Result "0-1"]
[WhiteElo "2241"]
[BlackElo "2346"]

1.d4 d6 2.e4 g6 3.Nc3 Bg7 4.f4 Nf6 5.Nf3 O-O 6.Bd3 Na6 7.e5 dxe5 8.dxe5 Nd5
9.Nxd5 Qxd5 10.Qe2 Bf5 11.Bxf5 gxf5 12.Be3 e6 13.O-O Rfd8 14.Rfd1 Qa5 15.a3 c6
16.b4 Rxd1+ 17.Qxd1 Qd5 18.Qe2 Rd8 19.Bxa7 b5 20.Bb6 Rd7 21.Be3 Bf8 22.Qd2 Qxd2
23.Bxd2 c5 24.c3 Nc7 25.Kf2 Nd5 26.c4 bxc4 27.b5 c3 28.Bc1 c4 29.Ke2 Bc5
30.Ne1 c2 31.Bd2 Bd4 32.Nxc2 Bxa1 33.Nxa1 c3 34.Bc1 Rb7 35.Kd3 Rxb5 36.Kc2 Kf8
37.Nb3 Ke7 38.Nd4 Rb7 39.g3 Kd7 40.Nb3 Kc7 41.Na5 Ra7 42.Nc4 Kc6 43.Kb3 Rb7+
44.Kc2 Kc5 45.Nd6 Ra7 46.Kb3 f6 47.a4 fxe5 48.fxe5 Ra8 49.Nb5 h5 50.Ba3+ Kc6
51.Nd4+ Kd7 52.Bd6 h4 53.gxh4 f4 54.Nf3 Rc8 55.Kc2 Ne3+ 56.Kc1 Rc4 57.Ne1 Rd4  0-1

[Event "Acropolis Open"]
[Site "Athens GRE"]
[Date "2008.08.17"]
[Round "9"]
[White "Zubarev,Al1"]
[Black "Graf,A"]
[Result "0-1"]
[WhiteElo "2517"]
[BlackElo "2621"]

1.e4 g6 2.d4 Bg7 3.Nc3 d6 4.Be3 c6 5.Qd2 b5 6.f3 Nd7 7.Rd1 a6 8.Nh3 h6 9.Nf2 e6
10.Be2 Ne7 11.O-O Bb7 12.a3 Qc7 13.Kh1 Rd8 14.Nd3 Nb6 15.Nc1 Nd7 16.Nb3 d5
17.Bf4 Qb6 18.Bd6 Nc8 19.Bb4 Qa7 20.exd5 cxd5 21.Rfe1 Qb8 22.Bd3 Ne7 23.a4 bxa4
24.Nxa4 Bf6 25.Nac5 Bg5 26.Qe2 Nxc5 27.Nxc5 Bc8 28.c3 Nc6 29.Ba3 O-O 30.Nxa6 Bxa6
31.Bxa6 Be7 32.Bxe7 Nxe7 33.Bd3 Rd7 34.Rd2 Ra7 35.c4 dxc4 36.Bxc4 Rd8 37.b3 Qb6
38.Red1 Nf5 39.d5 Ne3 40.Qf2 exd5 41.Bd3 d4 42.Rb1 Rc8 43.b4 Ra3 44.b5 Rcc3
45.Qe2 Qc5 46.h4 Rc1+ 47.Rxc1 Qxc1+  0-1

[Event "Independence Cup A"]
[Site "Kyiv UKR"]
[Date "2008.08.17"]
[Round "5"]
[White "Sshedrin,I"]
[Black "Borzov,D"]
[Result "1/2-1/2"]
[WhiteElo "1969"]
[BlackElo "2215"]

1.e4 g6 2.d4 Bg7 3.Nc3 d6 4.Bg5 Nf6 5.f4 h6 6.Bxf6 Bxf6 7.Nf3 O-O 8.Bd3 Na6
9.Qd2 c5 10.d5 Bg7 11.h4 Bg4 12.Nh2 Qc8 13.Nxg4 Qxg4 14.Rh3 Rac8 15.Nd1 c4
16.Bf1 Nc5 17.Nf2 Qd7 18.c3 b5 19.h5 a5 20.hxg6 fxg6 21.Be2 Qb7 22.Bg4 Rb8
23.f5 g5 24.Bf3 Nd3+ 25.Nxd3 cxd3 26.Qxd3 b4 27.f6 Rxf6 28.e5 dxe5 29.d6 Qd7
30.Qd5+ Kh8 31.dxe7 Qxe7 32.Rd1 bxc3 33.bxc3 e4 34.Bg4 Rf4 35.Be2 Qc7 36.Rd4 Rb1+
37.Kd2 Rb2+ 38.Kd1 Qb6 39.Qd8+ Qxd8 40.Rxd8+ Kh7 41.Rd7 Rxa2 42.c4 Rf2 43.Re3 Rxg2
44.Ke1 Rg1+ 45.Kf2 Rh1 46.Rxe4 Rh2+ 47.Kf3 Ra3+ 48.Kg4 Rh4+ 49.Kf5 Rxe4 50.Kxe4 a4
51.Bg4 Rc3 52.Bf5+ Kg8 53.Be6+  1/2-1/2

[Event "5th DA Tan Malaysian Open"]
[Site "Kuala Lumpur MAS"]
[Date "2008.08.19"]
[Round "4"]
[White "Senador,E"]
[Black "Dzhumaev,M"]
[Result "0-1"]
[WhiteElo "2390"]
[BlackElo "2549"]

1.e4 g6 2.d4 Bg7 3.Nc3 d6 4.f4 Nf6 5.Nf3 O-O 6.Be3 Na6 7.e5 Ng4 8.Bg1 c5
9.h3 cxd4 10.Qxd4 Nh6 11.O-O-O Qa5 12.Qd5 Nc5 13.exd6 exd6 14.Qxd6 b6 15.Ne5 Nf5
16.Qc7 Ne6 17.Qc6 Ba6 18.Rd5 Qb4 19.Bxa6 Ne7 20.Qb7 Nxd5 21.Nd3 Qa5 22.Nxd5 Qxa2
23.Bb5 Qa1+ 24.Kd2 Qa5+ 25.Nc3 Bxc3+ 26.bxc3 Qxb5 27.g4 Rad8 28.Qxa7 Rxd3+
29.cxd3 Qb2+  0-1

[Event "35th Open"]
[Site "Manresa ESP"]
[Date "2008.08.19"]
[Round "8"]
[White "Fier,A"]
[Black "Banos,O"]
[Result "1-0"]
[WhiteElo "2558"]
[BlackElo "2271"]

1.e4 g6 2.d4 Bg7 3.Nc3 d6 4.f4 a6 5.Nf3 b5 6.Bd3 Nd7 7.e5 Bb7 8.Be4 Rb8 9.O-O Nh6
10.Bxb7 Rxb7 11.Ng5 c5 12.dxc5 dxe5 13.Be3 Rc7 14.f5 Nf6 15.fxg6 hxg6 16.Qf3 O-O
17.Rad1 Qc8 18.Nge4 Nxe4 19.Qxe4 Ng4 20.Nd5 f5 21.Qd3 Rb7 22.b4 e6 23.Nb6 Qc7
24.Qb3 Qe7 25.Rd6 Re8 26.h3 Nxe3 27.Qxe3 e4 28.Qg3 g5 29.Rfd1 f4 30.Qg4 Qf6
31.Qh5 Qf7 32.Qxg5 Qf6 33.Qxf6 Bxf6 34.Nd7 Bc3 35.Rxa6 Re7 36.c6 Rc7 37.a4 Rg7
38.Ra8+ Kf7 39.Rf8+ Ke7 40.Rxf4 Rxc6 41.axb5 Rc7 42.Nb8 e5 43.Rxe4 Ke6 44.Nc6 Rgd7
45.Rxd7 Rxd7 46.Re3  1-0